| 000 | 00362nam a22001217a 4500 | ||
|---|---|---|---|
| 040 | _cNUST | ||
| 082 |
_a620.118 _bCOM |
||
| 100 |
_aC.E.Browning _9125040 |
||
| 245 | _aComposite Materials: Quality Assurance And Processing | ||
| 260 |
_aAmerica: _bLibrary of Congress, _c1983. |
||
| 650 | _2Composite Materials: Quality Assurance And Processing | ||
| 942 |
_2ddc _cBK |
||
| 999 |
_c610806 _d610806 |
||